Guess the Sabrina Carpenter song from a random lyric - Statistics

General Stats
  • This quiz has been taken 103 times
  • The average score is 8 of 16
Answer Stats
Hint Answer % Correct
my honey bee, come and get this pollen espresso
99%
talking on a see-saw, teetering with our feelings in the dark tornado warnings
70%
we had sex, I met your best friends, then a bird flies by and you forget sharpest tool
69%
it feels so good not pretending to like the wine you like feather
66%
you used a fork once, it turns out forks are fucking everywhere how many things
65%
break my heart and I swear I'm moving on with your favorite athlete good graces
57%
my openings are super tight busy woman
55%
maybe then we could pretend there's no gravity in the words we write skin
54%
he's a little bit older, got a bit of a dad bod buy me presents
53%
if I'm just writing happy songs, will anybody sing along? bad for business
47%
I think about my granddad's eyes and it always brings me home eyes wide open
35%
isn't it kinda strange how it all changed when I wasn't the one they wanted you to love? lonesome
28%
back to the beginning, gonna hit rewind, chance to do it over again and right this time the middle of starting over
27%
your words didn't mean to heal the hurt on purpose
24%
you were sitting comfortable, and I was busy kissing your floor bad time
22%
you came at a time when my heart was selective honeymoon fades
20%
No matching quizzes found
Score Distribution
Percent of People with Each Score
Percentile by Number Answered
Your Score History
You have not taken this quiz